<?xml version="1.0" encoding="UTF-8"?>
<record
    xmlns:xsi="http://www.w3.org/2001/XMLSchema-instance"
    xsi:schemaLocation="http://www.loc.gov/MARC21/slim http://www.loc.gov/standards/marcxml/schema/MARC21slim.xsd"
    xmlns="http://www.loc.gov/MARC21/slim">

  <leader>02575nam a2200229uu 4500</leader>
  <datafield tag="999" ind1=" " ind2=" ">
    <subfield code="c">8440</subfield>
    <subfield code="d">8440</subfield>
  </datafield>
  <controlfield tag="001">WIIW0000080</controlfield>
  <controlfield tag="003">OSt</controlfield>
  <controlfield tag="005">20180725134002.0</controlfield>
  <controlfield tag="008">180430t2018       |||||||||| ||| ||ger d</controlfield>
  <datafield tag="040" ind1=" " ind2=" ">
    <subfield code="c">OSt</subfield>
  </datafield>
  <datafield tag="041" ind1=" " ind2=" ">
    <subfield code="a">ger</subfield>
  </datafield>
  <datafield tag="245" ind1="1" ind2=" ">
    <subfield code="a">Migrationsprofiteure?</subfield>
    <subfield code="b">Autorit&#xE4;re Staaten in Afrika und das europ&#xE4;ische Migrationsmanagement</subfield>
  </datafield>
  <datafield tag="260" ind1=" " ind2=" ">
    <subfield code="a">Berlin : </subfield>
    <subfield code="b">SWP Stiftung Wissenschaft und Politik,</subfield>
    <subfield code="c">April 2018</subfield>
  </datafield>
  <datafield tag="300" ind1=" " ind2=" ">
    <subfield code="a">81 S.</subfield>
  </datafield>
  <datafield tag="490" ind1=" " ind2=" ">
    <subfield code="a">SWP-Studie</subfield>
    <subfield code="v">2018/3</subfield>
    <subfield code="x">1611-6372</subfield>
  </datafield>
  <datafield tag="500" ind1=" " ind2=" ">
    <subfield code="a">Seit 2015 steht der Umgang mit Flucht- und Migrationsbewegungen ganz oben auf der Agenda der EU und ihrer Mitgliedstaaten. Gro&#xDF;e Hoffnungen sind an entwicklungspolitische Interventionen gekn&#xFC;pft, die migrationswilligen Menschen Perspektiven in ihren Heimatl&#xE4;ndern bieten. Diese Politik geht mit einer Fixierung auf Wanderungsstatistiken einher; die lokalen Kontexte und die regionalen Dynamiken der Partnerl&#xE4;nder werden dabei h&#xE4;ufig vernachl&#xE4;ssigt. Hier setzt die Studie an: Auf welche gesellschaftlichen, politischen und wirtschaftlichen Prozesse trifft die externe Migrationspolitik der EU in afrikanischen Staaten. Welche M&#xF6;glichkeiten der Kooperation sind realistisch?

Die Untersuchung konzentriert sich auf mehrere L&#xE4;nder, die in unterschiedlichem Grade autorit&#xE4;r regiert werden: &#xC4;gypten, die Maghrebstaaten Algerien und Marokko, den Sahelstaat Niger sowie die am Horn von Afrika in einem &#xBB;Migrationskomplex&#xAB; miteinander verbundenen L&#xE4;nder Sudan und Eritrea. Sie analysiert die Resonanz der migrationspolitischen Zusammenarbeit in L&#xE4;ndern mit unterschiedlich enger Anbindung an Europa und setzt sich mit der Frage auseinander, ob und inwiefern gerade autorit&#xE4;re Herrscher von dieser Zusammenarbeit profitieren.

Dabei wird deutlich, dass die externe EU-Migrationspolitik je nach Verfasstheit der Partnerl&#xE4;nder unterschiedliche Auswirkungen hat. Das jeweilige Ma&#xDF; an Zentralisierung, die Durchsetzungskraft und der Gestaltungswille bzw. die regionalen Ambitionen der Regime sind entscheidend daf&#xFC;r, ob europ&#xE4;ische Angebote eher als willkommener Zufluss von Projektgeldern oder als Gelegenheit wahrgenommen werden, &#xFC;bergreifende politische Ziele zu verfolgen. Machterhaltungsinteressen und Legitimationsstrategien der Eliten spielen in allen untersuchten L&#xE4;ndern f&#xFC;r die Reaktion auf Kooperationsangebote eine pr&#xE4;gende Rolle. </subfield>
  </datafield>
  <datafield tag="700" ind1="1" ind2=" ">
    <subfield code="a">Koch, Anne</subfield>
    <subfield code="e">Ed.</subfield>
  </datafield>
  <datafield tag="700" ind1="1" ind2=" ">
    <subfield code="a">Weber, Anette</subfield>
    <subfield code="e">Ed.</subfield>
  </datafield>
  <datafield tag="700" ind1="1" ind2=" ">
    <subfield code="a">Werenfels, Isabelle</subfield>
    <subfield code="e">Ed.</subfield>
  </datafield>
  <datafield tag="856" ind1="4" ind2="0">
    <subfield code="u">https://www.swp-berlin.org/fileadmin/contents/products/studien/2018S03_koc_web_wrf.pdf</subfield>
  </datafield>
  <datafield tag="942" ind1=" " ind2=" ">
    <subfield code="c">B</subfield>
  </datafield>
  <datafield tag="952" ind1=" " ind2=" ">
    <subfield code="0">0</subfield>
    <subfield code="1">0</subfield>
    <subfield code="4">0</subfield>
    <subfield code="7">0</subfield>
    <subfield code="a">BIB</subfield>
    <subfield code="b">BIB</subfield>
    <subfield code="c">1</subfield>
    <subfield code="d">2018-05-07</subfield>
    <subfield code="l">0</subfield>
    <subfield code="p">2000000005928</subfield>
    <subfield code="r">2018-05-07 00:00:00</subfield>
    <subfield code="w">2018-05-07</subfield>
    <subfield code="y">P</subfield>
  </datafield>
</record>
